| 000 | 00823nam a22002177a 4500 | ||
|---|---|---|---|
| 999 |
_c20901 _d20901 |
||
| 005 | 20200305043109.0 | ||
| 008 | 200305b xxu||||| |||| 00| 0 spa d | ||
| 040 |
_aCO-BoIAVH _cCO-BoIAVH |
||
| 041 | _aspa | ||
| 044 | _ack | ||
| 110 | _aInstituto de investigación de Recursos Biológicos Alexander von Humboldt | ||
| 245 |
_aVivo Orotoy: _bBiodiversidad, con b de beneficios. |
||
| 250 | _a#4 | ||
| 260 |
_as.l.: _bConexión vital, _bICAOC, _bIDRC, _bCorporación Ecochichimenitos, _cs.f. |
||
| 300 |
_a4 Paginas: _bIlustraciones a color, _c27.8 x 21.4 cm |
||
| 650 | 0 |
_aAdaptación al cambio climático _vCuenca del Orotoy |
|
| 650 | 0 |
_aBiodiversidad _xColombia |
|
| 650 | 0 | _aTransformación de ecosistemas | |
| 650 | 0 |
_aUsos de la tierra _x Aspectos ambientales |
|
| 942 |
_2ddc _cFolleto |
||